ბათუმის შოთა რუსთაველის სახელმწიფო უნივერსიტეტის ბიბლიოთეკა

Сад Эдема / (ბიბ.ჩანაწერი № 60731)

000 -LEADER
fixed length control field 00781nam a22001817a 4500
005 - DATE AND TIME OF LATEST TRANSACTION
control field 20231016145742.0
008 - FIXED-LENGTH DATA ELEMENTS--GENERAL INFORMATION
fixed length control field 231016s1980ru xxu||||| |||| 00| 0 rus d
041 ## - LANGUAGE CODE
Language code of text/sound track or separate title rus
080 ## - UNIVERSAL DECIMAL CLASSIFICATION NUMBER
Universal Decimal Classification number 902 Л-25
100 ## - MAIN ENTRY--PERSONAL NAME
Personal name ЛАРИЧЕВ, ВИТАЛИЙ ЕПИФАНОВИЧ
9 (RLIN) 20085
245 ## - TITLE STATEMENT
Title Сад Эдема /
Remainder of title Ларичев, Виталий Епифанович
264 ## - PRODUCTION, PUBLICATION, DISTRIBUTION, MANUFACTURE, AND COPYRIGHT NOTICE
Place of production, publication, distribution, manufacture Москва :
Name of producer, publisher, distributor, manufacturer Политиздат,
Date of production, publication, distribution, manufacture, or copyright notice 1980.
300 ## - PHYSICAL DESCRIPTION
Extent 397, [3] с.
Other physical details [9] л. ил., ил.;
Dimensions 23 см.
653 ## - INDEX TERM--UNCONTROLLED
keyword Сад Эдема
653 ## - INDEX TERM--UNCONTROLLED
keyword антропология, археология, происхождение человека
653 ## - INDEX TERM--UNCONTROLLED
keyword ანთროპოლოგია, არქეოლოგია, ადამიანის წარმოშობა
942 ## - ADDED ENTRY ELEMENTS (KOHA)
Source of classification or shelving scheme
Koha item type წიგნი
ეგზემპლარები
Withdrawn status Lost status Source of classification or shelving scheme Damaged status Not for loan Permanent Location Current Location Shelving location Date acquired Cost, normal purchase price Full call number Barcode Date last seen Copy number Cost, replacement price Price effective from Koha item type Public note
          ბათუმის შოთა რუსთაველის სახელმწიფო უნივერსიტეტის მთავარი ბიბლიოთეკა ბათუმის შოთა რუსთაველის სახელმწიფო უნივერსიტეტის მთავარი ბიბლიოთეკა წიგნსაცავი 2023-10-16 6.00 902 Л-25 65329 2023-10-16 65329 0.00 2023-10-16 წიგნი 6.00